Tourism : principles, practices, philosophies (Record no. 299013)

MARC details
000 -LEADER
fixed length control field 00714nam a2200229Ia 4500
008 - FIXED-LENGTH DATA ELEMENTS--GENERAL INFORMATION
fixed length control field 191130s2009##################000#0#eng##
020 ## - INTERNATIONAL STANDARD BOOK NUMBER
ISBN 9780470084595
082 ## - DEWEY DECIMAL CLASSIFICATION NUMBER
Classification number 338.479 GOE
100 ## - MAIN ENTRY--AUTHOR NAME
Personal name Goeldner, Charles R
245 ## - TITLE STATEMENT
Title Tourism : principles, practices, philosophies
Statement of responsibility, etc Charles R. Goeldner, J.R. Brent Ritchie
250 ## - EDITION STATEMENT
Edition statement 11th ed
260 ## - PUBLICATION, DISTRIBUTION, ETC. (IMPRINT)
Place of publication Hoboken
Name of publisher John Wiley
Year of publication c2009
300 ## - PHYSICAL DESCRIPTION
Number of Pages xix, 624 p. : ill. (some col.) ; 25 cm
500 ## - GENERAL NOTE
General note Includes bibliographical references (p. [597]-612) and index
650 ## - SUBJECT ADDED ENTRY--TOPICAL TERM
Topical Term Tourism
700 ## - ADDED ENTRY--PERSONAL NAME
Personal name Ritchie, J. R. Brent
991 ## -
-- 237621
Holdings
Withdrawn status Lost status Damaged status Not for loan Home library Current library Shelving location Date acquired Full call number Accession Number Price effective from Koha item type
        Anna Centenary Library Anna Centenary Library 4TH FLOOR, A WING 15.10.2020 338.479 GOE 133854 15.10.2020 English Books

Find us on the map